Lanean...
സ്വാമി വിവേകാനന്ദൻ
| Egile nagusia: | |
|---|---|
| Beste egile batzuk: | |
| Formatua: | Printed Book |
| Argitaratua: |
Kottayam
NBS
2017
|
| Gaiak: |
| LEADER | 00557nam a22001577a 4500 | ||
|---|---|---|---|
| 020 | |a 9789386094902 | ||
| 082 | |a M922S |b UNN/S | ||
| 100 | |a ഉണിത്തിരി, എൻ.വി.പി. | ||
| 245 | |a സ്വാമി വിവേകാനന്ദൻ | ||
| 260 | |a Kottayam |b NBS |c 2017 | ||
| 300 | |a 174p. | ||
| 650 | |a Swami Vivekananthan | ||
| 700 | |a Unnithiri, N.V.P. | ||
| 942 | |c BK | ||
| 999 | |c 44041 |d 44041 | ||
| 952 | |0 0 |1 0 |4 0 |6 M_922S_UNNS |7 0 |8 Stack |9 47978 |a KUCL |b KUCL |c Stack |d 2017-08-01 |g 170.00 |l 2 |m 1 |o M922S UNN/S |p 44542 |r 2019-01-19 |s 2018-12-15 |w 2017-08-01 |y BK | ||